Capital cities with penultimate letter U - Statistics

General Stats
  • This quiz has been taken 22 times
    13 since last reset
  • The average score is 6 of 13
Answer Stats
Answer % Correct
Beirut
88%
Bangui
75%
Khartoum
63%
Banjul
50%
Damascus
50%
Managua
50%
Prague
50%
Kabul
38%
Kuala Lumpur
38%
Seoul
38%
Vaduz
38%
Vilnius
38%
Ngerulmud
25%
No matching quizzes found
Score Distribution
Percent of People with Each Score
Percentile by Number Answered
Your Score History
You have not taken this quiz since the last reset